000
00285cam a2200109ua 4500
082
_a
335.4
_b
LEN/VI
100
_a
Lenin, .
_9
1780
245
_a
Viplava Vayaditham /
260
_a
Kottayam :
_b
Prabhatham Printing and Publishing Co. Pvt. Ltd. ,
_c
1966.
300
_a
322 ; .
942
_c
BK
999
_c
4633
_d
4633